000
00250nam a2200097Ia 4500
008
240331s9999 xx 000 0 und d
082
_b
KAL
100
_a
Kalansooriya, R
245
0
_a
LTTE and IRA :
_b
Combating Terrorism and Discussing Peace
942
_c
L
999
_c
5692
_d
5692